000 00313nam a22001097a 4500
082 _a323.0951
245 _aProgress in China's human rights cause (Handbook)+ CD
_cWang Chen
260 _aChina
_bChina Intercontinental press
300 _a111p
942 _2ddc
_cBK
999 _c586581
_d586581